000 00883cam a2200253 i 4500
003 SA-RiAUC
005 20251203132025.0
008 251128s1965 su f 000r0 ara c
040 _aSA-RiAUC
_bara
_cSA-RiAUC
_erda
043 _aa-su---
082 0 4 _a338.766862
090 _a338.766862
_bس ع و
110 2 _aالسعودية.
_eمؤلف.
245 1 0 _aنظام شركة الأسمدة العربية السعودية (سافكو)./
264 1 _aمكة المكرمة :
_bمكتبة الحكومة،
_c1965
300 _a16 صفحة ؛
_c24 سم
336 _aنص
_btxt
_2rdacontent
_3كتاب
337 _aبدون وسيط
_bn
_2rdamedia
338 _aمجلد
_bnc
_2rdacarrier
610 2 7 _aشركة الأسمدة العربية السعودية
_2aucnm
650 7 _aالأسمدة
_2aucsh
942 _2ddc
_cBOOK
_n0
949 _aSA-JeALM
_d251128
_umohamedma123
_n1
999 _c13454
_d13454